Giải phẫu người
Đã lưu trong:
| 主要作者: | |
|---|---|
| 格式: | 图书 |
| 语言: | Undetermined |
| 出版: |
Hà Nội
Đại Học Quốc Gia
1999
|
| 主题: | |
| 标签: |
添加标签
没有标签, 成为第一个标记此记录!
|
| Thư viện lưu trữ: | Trung tâm Học liệu Trường Đại học Cần Thơ |
|---|
| LEADER | 00534nam a2200193Ia 4500 | ||
|---|---|---|---|
| 001 | CTU_37018 | ||
| 008 | 210402s9999 xx 000 0 und d | ||
| 020 | |c 20000 | ||
| 082 | |a 611 | ||
| 082 | |b Y603 | ||
| 100 | |a Nguyễn, Văn Yên | ||
| 245 | 0 | |a Giải phẫu người | |
| 245 | 0 | |c Nguyễn Văn Yên | |
| 260 | |a Hà Nội | ||
| 260 | |b Đại Học Quốc Gia | ||
| 260 | |c 1999 | ||
| 650 | |a Anatomy, human,Body, human | ||
| 904 | |i Minh, 000617 | ||
| 980 | |a Trung tâm Học liệu Trường Đại học Cần Thơ | ||